[Event "Reykjavik op"]
[Site "Reykjavik"]
[Date "2024.03.19"]
[Round "7"]
[White "Adlerborn, Elis"]
[Black "Spagnoli, Benjamin"]
[Result "0-1"]
[WhiteElo "1719"]
[BlackElo "1883"]
[PlyCount "62"]
[EventDate "2024.03.15"]
[EventType "swiss"]
[EventRounds "9"]
[EventCountry "ISL"]
[SourceTitle "CB13_2024"]
[SourceDate "2024.03.27"]
[SourceVersion "1"]
[SourceVersionDate "2024.03.27"]
[SourceQuality "1"]

1. e4 c6 2. c4 d5 3. cxd5 cxd5 4. exd5 Nf6 5. Nc3 Nxd5 6. Bc4 Nb6 7. Bb3 Nc6 8. Nf3 Bf5 9. d4 e6 10. 0-0 Be7 11. Bf4 0-0 12. Re1 Bf6 13. Be5 Bg4 14. Re4 Bh5 15. Bxf6 Qxf6 16. g4 Bg6 17. g5 Qd8 18. Rh4 Nd5 19. Nxd5 exd5 20. Bc2 Rc8 21. Qd2 Ne5 22. Nxe5 Rxc2 23. Qe3 Re8 24. Qg3 Qc7 25. Qh3 Rc1+ 26. Rxc1 Qxc1+ 27. Kg2 Be4+ 28. Kg3 Qg1+ 29. Kf4 Qxf2+ 30. Nf3 Bxf3 31. Qg3 Qxd4+ 0-1

[Event "Reykjavik op"]
[Site "Reykjavik"]
[Date "2023.04.01"]
[Round "6"]
[White "Hnatyshyn, Anastasiya"]
[Black "Spagnoli, Benjamin"]
[Result "1/2-1/2"]
[WhiteElo "2114"]
[BlackElo "1744"]
[PlyCount "48"]
[EventDate "2023.03.29"]
[EventType "swiss"]
[EventRounds "9"]
[EventCountry "ISL"]
[SourceTitle "CBM 213 Extra"]
[Source "ChessBase"]
[SourceDate "2023.05.31"]
[SourceVersion "1"]
[SourceVersionDate "2023.05.31"]
[SourceQuality "1"]

1. e4 d5 2. exd5 Nf6 3. d4 Bg4 4. Nf3 Qxd5 5. Be2 Nc6 6. c4 Qd7 7. Be3 0-0-0 8. d5 Bxf3 9. Bxf3 Ne5 10. Be2 a6 11. Qd4 Nc6 12. Qc5 Nb8 13. Qa7 Qd6 14. c5 Qe5 15. Nc3 c6 16. g3 g5 17. h4 Bh6 18. 0-0-0 Nxd5 19. Na4 Nxe3 20. Nb6+ Kc7 21. Na8+ Kc8 22. Nb6+ Kc7 23. Na8+ Kc8 24. Nb6+ Kc7 1/2-1/2

[Event "Locarno op 7th"]
[Site "Locarno"]
[Date "2022.04.09"]
[Round "3"]
[White "Spagnoli, Benjamin"]
[Black "Gobet, Xavier"]
[Result "1-0"]
[WhiteElo "1779"]
[BlackElo "1484"]
[PlyCount "51"]
[EventDate "2022.04.08"]
[EventType "swiss"]
[EventRounds "5"]
[EventCountry "SUI"]
[SourceTitle "CBM 207 Extra"]
[Source "ChessBase"]
[SourceDate "2022.05.31"]
[SourceVersion "1"]
[SourceVersionDate "2022.05.31"]
[SourceQuality "1"]

1. d4 Nf6 2. Nc3 d5 3. Bf4 c6 4. e3 Bf5 5. f3 e6 6. g4 Bg6 7. h4 h6 8. Bd3 Bxd3 9. Qxd3 Bd6 10. Nge2 Qc7 11. 0-0-0 Nbd7 12. Bxd6 Qxd6 13. e4 dxe4 14. Nxe4 Nxe4 15. fxe4 0-0-0 16. Rhf1 Qe7 17. Qg3 Nf6 18. Nc3 Rhf8 19. e5 Nd5 20. Ne4 f6 21. c4 Nb6 22. exf6 gxf6 23. c5 Nd5 24. Nd6+ Kd7 25. Rde1 Rb8 26. Nf5 1-0

[Event "Davos op 20th"]
[Site "Davos"]
[Date "2021.06.13"]
[Round "4"]
[White "Neuberger, Guido"]
[Black "Spagnoli, Benjamin"]
[Result "1/2-1/2"]
[WhiteElo "2196"]
[BlackElo "1783"]
[PlyCount "139"]
[EventDate "2021.06.11"]
[EventType "swiss"]
[EventRounds "5"]
[EventCountry "SUI"]
[SourceTitle "CBM 203 Extra"]
[Source "ChessBase"]
[SourceDate "2021.09.30"]
[SourceVersion "1"]
[SourceVersionDate "2021.09.30"]
[SourceQuality "1"]

1. d4 Nf6 2. Bf4 d5 3. e3 e6 4. Nd2 Bd6 5. Bg3 0-0 6. Bd3 c5 7. c3 Nc6 8. Ngf3 Ne7 9. Ne5 Nf5 10. Bxf5 exf5 11. dxc5 Bxc5 12. Nb3 Bd6 13. Qd4 Be6 14. Bh4 Be7 15. 0-0 Nd7 16. Bxe7 Qxe7 17. Nxd7 Qxd7 18. Rad1 Qe7 19. h4 Rfc8 20. Qf4 h6 21. Nd4 Qf6 22. Nf3 Rc4 23. Rd4 Rac8 24. Rfd1 a5 25. Rxc4 dxc4 26. Rd6 b5 27. Qd4 Qe7 28. a3 Rb8 29. Qe5 Rb7 30. Nd4 Rd7 31. Rxd7 Qxd7 32. Qxb5 Qxb5 33. Nxb5 Kf8 34. f3 Ke7 35. Kf2 Bd7 36. Nd4 Kd6 37. b4 cxb3 38. Nxb3 a4 39. Nd2 Kc5 40. Kg3 g5 41. hxg5 hxg5 42. f4 f6 43. fxg5 fxg5 44. Nf3 g4 45. Ne5 Be6 46. Kf4 Kd5 47. g3 Bc8 48. c4+ Kd6 49. Nf7+ Kc5 50. Ke5 Bd7 51. Nd6 Bc6 52. Nxf5 Kxc4 53. Nd4 Bf3 54. Kf4 Bd1 55. Ne6 Kb3 56. e4 Kxa3 57. Nc5 Kb4 58. Nxa4 Bxa4 59. Kxg4 Kc5 60. Kf5 Kd6 61. Kf6 Kd7 62. g4 Bb3 63. g5 Bg8 64. g6 Be6 65. e5 Bg8 66. Kg7 Bd5 67. Kf8 Ke6 68. g7 Kxe5 69. g8Q Bxg8 70. Kxg8 1/2-1/2

[Event "San Bernardino Spring op"]
[Site "San Bernardino"]
[Date "2021.05.08"]
[Round "3"]
[White "Loeffler, Markus"]
[Black "Spagnoli, Benjamin"]
[Result "1-0"]
[WhiteElo "2311"]
[BlackElo "1783"]
[PlyCount "53"]
[EventDate "2021.05.07"]
[EventType "swiss"]
[EventRounds "5"]
[EventCountry "SUI"]
[SourceTitle "EXT 2022"]
[Source "ChessBase"]
[SourceDate "2021.10.06"]
[SourceVersion "1"]
[SourceVersionDate "2021.10.06"]
[SourceQuality "1"]

1. e4 d5 2. exd5 Nf6 3. d4 Nxd5 4. c4 Nb6 5. Nc3 g6 6. c5 Nd5 7. Bc4 Nxc3 8. bxc3 Bg7 9. Nf3 0-0 10. 0-0 Nc6 11. Re1 e5 12. Bg5 Qd7 13. Nxe5 Nxe5 14. dxe5 Qf5 15. f4 h6 16. Bd3 Qe6 17. Bh4 Qc6 18. Bf2 Rd8 19. Qe2 Bg4 20. Qe4 Qe8 21. Bc4 Qc6 22. Qxc6 bxc6 23. Rab1 Rab8 24. Bd4 Bf5 25. Rb3 a5 26. Re2 Bf8 27. Reb2 1-0

[Event "Locarno op 5th"]
[Site "Locarno"]
[Date "2020.10.17"]
[Round "3"]
[White "Spagnoli, Benjamin"]
[Black "Gallasch, Jonas"]
[Result "0-1"]
[WhiteElo "1770"]
[BlackElo "2090"]
[PlyCount "80"]
[EventDate "2020.10.16"]
[EventType "swiss"]
[EventRounds "5"]
[EventCountry "SUI"]
[SourceTitle "CBM 198 Extra"]
[Source "ChessBase"]
[SourceDate "2020.11.30"]
[SourceVersion "1"]
[SourceVersionDate "2020.11.30"]
[SourceQuality "1"]

1. d4 Nf6 2. c4 g6 3. Nc3 d5 4. Nf3 Bg7 5. Bf4 0-0 6. e3 c5 7. Be2 cxd4 8. exd4 Nc6 9. h3 Bf5 10. 0-0 Rc8 11. Qd2 Ne4 12. Qe3 Nxc3 13. bxc3 dxc4 14. Bxc4 Na5 15. Bb3 Nc4 16. Bxc4 Rxc4 17. Bh6 Qc7 18. Bxg7 Kxg7 19. Rfc1 Rc8 20. Re1 e6 21. Rac1 Rxc3 22. Rxc3 Qxc3 23. Qe5+ Kg8 24. Qf6 Qa5 25. Re2 Qd8 26. Qe5 Rc1+ 27. Re1 Rxe1+ 28. Qxe1 Qd5 29. Qc3 Qc6 30. Qa3 Be4 31. Ne5 Qc7 32. Qxa7 f6 33. Ng4 Kg7 34. a4 h5 35. Ne3 Qc1+ 36. Kh2 Qd2 37. Qc5 Qxf2 38. Qe7+ Kh6 39. Qf8+ Kg5 40. Qc5+ Kf4 0-1

[Event "FRA-ch Blitz Online Qual"]
[Site "Europe Echecs INT"]
[Date "2020.05.16"]
[Round "15"]
[White "Droulout, Paul"]
[Black "Spagnoli, Benjamin"]
[Result "0-1"]
[WhiteElo "1176"]
[BlackElo "1770"]
[PlyCount "36"]
[EventDate "2020.05.16"]
[EventType "swiss (blitz)"]
[EventRounds "15"]
[EventCountry "FRA"]
[SourceTitle "CBM 196 Extra"]
[Source "ChessBase"]
[SourceDate "2020.07.31"]
[SourceVersion "1"]
[SourceVersionDate "2020.07.31"]
[SourceQuality "1"]

1. e4 c5 2. Nf3 d6 3. d4 cxd4 4. Nxd4 Nf6 5. Nc3 g6 6. Be2 Bg7 7. Be3 0-0 8. 0-0 Nc6 9. f3 Bd7 10. Qd2 Rc8 11. Nxc6 Bxc6 12. Bh6 Qb6+ 13. Kh1 Qxb2 14. Rab1 Bxh6 15. Qxh6 Qxc3 16. Bd3 Qe5 17. f4 Qh5 18. Qxh5 gxh5 0-1

[Event "FRA-ch Blitz Online Qual"]
[Site "Europe Echecs INT"]
[Date "2020.05.16"]
[Round "9"]
[White "Ferey, Antonin"]
[Black "Spagnoli, Benjamin"]
[Result "1-0"]
[WhiteElo "2138"]
[BlackElo "1770"]
[PlyCount "47"]
[EventDate "2020.05.16"]
[EventType "swiss (blitz)"]
[EventRounds "15"]
[EventCountry "FRA"]
[SourceTitle "CBM 196 Extra"]
[Source "ChessBase"]
[SourceDate "2020.07.31"]
[SourceVersion "1"]
[SourceVersionDate "2020.07.31"]
[SourceQuality "1"]

1. d4 Nf6 2. Nf3 g6 3. c4 Bg7 4. Nc3 0-0 5. e4 d6 6. Be2 e5 7. 0-0 Nc6 8. d5 Ne7 9. b4 Nd7 10. Ba3 f5 11. Ng5 Nf6 12. c5 h6 13. Ne6 Bxe6 14. dxe6 fxe4 15. b5 Nf5 16. Bc4 Qe7 17. Nd5 Nxd5 18. Qxd5 Rfd8 19. Qxe4 d5 20. Bxd5 Rab8 21. Rad1 Qg5 22. e7+ Rxd5 23. Qxd5+ Kh7 24. Qd8 1-0

[Event "FRA-ch Blitz Online Qual"]
[Site "Europe Echecs INT"]
[Date "2020.05.16"]
[Round "7"]
[White "Kantzer, Romain"]
[Black "Spagnoli, Benjamin"]
[Result "1-0"]
[WhiteElo "1930"]
[BlackElo "1770"]
[PlyCount "87"]
[EventDate "2020.05.16"]
[EventType "swiss (blitz)"]
[EventRounds "15"]
[EventCountry "FRA"]
[SourceTitle "CBM 196 Extra"]
[Source "ChessBase"]
[SourceDate "2020.07.31"]
[SourceVersion "1"]
[SourceVersionDate "2020.07.31"]
[SourceQuality "1"]

1. d4 Nf6 2. Bf4 d5 3. e3 e6 4. Nd2 c5 5. c3 Bd6 6. Bg3 Nc6 7. Ngf3 0-0 8. Bd3 Qe7 9. Ne5 cxd4 10. exd4 g6 11. 0-0 Nd7 12. Nxd7 Qxd7 13. Bxd6 Qxd6 14. Re1 e5 15. dxe5 Nxe5 16. Bf1 Ng4 17. Nf3 Qb6 18. Qd2 Be6 19. h3 Nf6 20. Nd4 Bd7 21. Rad1 Ne4 22. Qc2 Rac8 23. Bd3 Nf6 24. Bf1 a6 25. Qb3 Qc7 26. Nf3 Rfe8 27. a3 b5 28. Qb4 a5 29. Qh4 Kg7 30. Qg5 h6 31. Qd2 Bc6 32. Qd4 Rxe1 33. Rxe1 Qd6 34. Nh2 Kh7 35. Nf3 Ne4 36. Rxe4 Rd8 37. Re3 b4 38. axb4 axb4 39. Ne5 Be8 40. Rf3 f6 41. Ng4 f5 42. Nf6+ Kh8 43. Nxe8+ Kh7 44. Nxd6 1-0

[Event "FRA-ch Blitz Online Qual"]
[Site "Europe Echecs INT"]
[Date "2020.05.16"]
[Round "6"]
[White "Spagnoli, Benjamin"]
[Black "Mekhane, Adam"]
[Result "1/2-1/2"]
[WhiteElo "1770"]
[BlackElo "2013"]
[PlyCount "119"]
[EventDate "2020.05.16"]
[EventType "swiss (blitz)"]
[EventRounds "15"]
[EventCountry "FRA"]
[SourceTitle "CBM 196 Extra"]
[Source "ChessBase"]
[SourceDate "2020.07.31"]
[SourceVersion "1"]
[SourceVersionDate "2020.07.31"]
[SourceQuality "1"]

1. d4 Nf6 2. c4 g6 3. Nc3 Bg7 4. e4 d6 5. Nf3 0-0 6. Be2 Na6 7. 0-0 e5 8. d5 Nc5 9. Nd2 a5 10. b3 Ne8 11. f3 f5 12. a3 f4 13. b4 axb4 14. Na2 bxa3 15. Nb3 Na4 16. Bxa3 b6 17. Nb4 Nc3 18. Qc2 Nxe2+ 19. Qxe2 Qh4 20. Nc6 g5 21. Ne7+ Kh8 22. Nxc8 Rxc8 23. Bb2 Nf6 24. Ra7 g4 25. fxg4 Nxg4 26. h3 Ne3 27. Rf3 Bh6 28. Bc1 Rg8 29. Bxe3 fxe3 30. Ra1 Bf4 31. Nc1 Rg3 32. Nd3 Rcg8 33. Nxf4 exf4 34. Qb2+ R3g7 35. Raf1 h6 36. Rxf4 Qg5 37. Rg4 Qe5 38. Qxe5 dxe5 39. Rxg7 Rxg7 40. Re1 Rg3 41. Kh2 Rg8 42. Rxe3 Ra8 43. Kg3 Ra4 44. Rc3 Kg7 45. Kg4 Kg6 46. Kh4 Rb4 47. g4 Ra4 48. Kg3 Rb4 49. Kh4 Ra4 50. Kg3 Rb4 51. c5 bxc5 52. Rxc5 Rxe4 53. Rxc7 Rd4 54. Rc6+ Kg7 55. d6 Kf7 56. Rc7+ Ke6 57. d7 Rxd7 58. Rc6+ Rd6 59. Rxd6+ Kxd6 60. Kf3 1/2-1/2

[Event "Nancy Meurthe rapid 18th"]
[Site "Nancy"]
[Date "2020.02.16"]
[Round "1"]
[White "Gareyev, Timur"]
[Black "Spagnoli, Benjamin"]
[Result "1-0"]
[WhiteElo "2607"]
[BlackElo "1740"]
[PlyCount "53"]
[EventDate "2020.02.16"]
[EventType "swiss (rapid)"]
[EventRounds "9"]
[EventCountry "FRA"]
[SourceTitle "CBM 194 Extra"]
[Source "ChessBase"]
[SourceDate "2020.03.31"]
[SourceVersion "1"]
[SourceVersionDate "2020.03.31"]
[SourceQuality "1"]

1. e4 c5 2. b4 cxb4 3. Nf3 d6 4. d4 Nf6 5. Bd3 g6 6. a3 bxa3 7. 0-0 Bg7 8. Nxa3 0-0 9. c3 a6 10. Bg5 Bg4 11. Re1 Nc6 12. Nc2 Rc8 13. Ne3 Bxf3 14. Qxf3 Na5 15. Ra3 Nc6 16. Nd5 Re8 17. h4 h5 18. Rb1 Nxd5 19. exd5 Na5 20. g4 hxg4 21. Qxg4 Nc4 22. Ra2 Nb6 23. c4 Nxc4 24. Rxb7 Nb6 25. h5 Nxd5 26. hxg6 fxg6 27. Qe6+ 1-0